Shakespeare Plays - Sudden Death - Statistics

General Stats
  • This quiz has been taken 58,576 times
  • The average score is 11 of 18
Answers on the Grid
Answers color-coded by a green-red scale on the quiz's grid according to % correct below.
A Midsummer Night's Dream
Alexander of Macedon
Antony and Cleopatra
As You Like It
Coriolanus
Dante's Inferno
Death by A Thousand Lashes
Gold Begets Thee
Hamlet
Henry Jr.
Henry V
Henry VIII
Henry X
Hercules Oetaeus
Julius Caesar
King John
King Jupiter
King Lear
Love's Labour's Lost
Macbeth
Manatee for All Seasons
Many Manly Men
Much Ado About Nothing
Oedipus Rex
Of Mice and Men
Othello
Ozymandias
Pirates of Penzance
Pygmalion
Richard III
Romeo and Juliet
The Happy Butcher
The Pit and the Pendulum
The Taming of the Shrew
The Tempest
Tickle Me Pink
 
Answer Stats
Answer % Correct
A Midsummer Night's Dream
89%
Hamlet
82%
Macbeth
77%
Romeo and Juliet
77%
Othello
68%
Julius Caesar
65%
King Lear
65%
Antony and Cleopatra
59%
The Tempest
59%
Much Ado About Nothing
57%
Henry V
56%
Henry VIII
53%
Richard III
53%
As You Like It
52%
The Taming of the Shrew
52%
Love's Labour's Lost
38%
Coriolanus
34%
King John
32%
No matching quizzes found
Score Distribution
Percent of People with Each Score
Percentile by Number Answered
Your Score History
You have not taken this quiz